000
00292nam a2200109Ia 4500
008
160531s9999 xx 000 0 und d
100
_a
Adrovic, Feriz.
245
_a
Gamma Radiation
245
_c
by Feriz Adrovic
260
_c
2012
856
_u
http://www.intechopen.com/books/gamma-radiation
999
_c
295235
_d
295235